书目信息 |
| 题名: |
园林绿地设计
|
|
| 作者: | 王伟 , 郭玉梅 主编 | |
| 分册: | ||
| 出版信息: | 北京 中国劳动社会保障出版社 2014 |
|
| 页数: | 289页 | |
| 开本: | 26cm | |
| 丛书名: | ||
| 单 册: | ||
| 中图分类: | TU986.2 | |
| 科图分类: | ||
| 主题词: | 绿化--园林设计--中等专业学校--教材 , 绿化 , 园林设计 | |
| 电子资源: | ||
| ISBN: | 978-7-5167-0692-3 | |
| 000 | 01015nam0 2200277 450 | |
| 001 | 141047 | |
| 005 | 20141106162413.03 | |
| 010 | @a978-7-5167-0692-3@dCNY 42.00 | |
| 100 | @a20140418d2014 em y0chiy50 ea | |
| 101 | 0 | @achi |
| 102 | @aCN@b110000 | |
| 105 | @aa z 000yy | |
| 200 | 1 | @a园林绿地设计@9yuan lin lv di she ji@b专著@f郭玉梅,王伟主编 |
| 205 | @a2版 | |
| 210 | @a北京@c中国劳动社会保障出版社@d2014 | |
| 215 | @a289页@c图,彩照@d26cm | |
| 300 | @a全国中等职业技术学校园林绿化专业教材 | |
| 330 | @a本书在介绍了园林制图基础知识和园林绿地设计原理的基础上,着重讲解了公园绿地、居住区绿地、道路绿地、厂区绿地、校园绿地和医疗机构绿地等常见园林绿地类型的设计思路与方法,简要介绍了园林绿地计算机辅助设计中常用的Auto CAD和Photoshop操作软件。 | |
| 606 | 0 | @a绿化@x园林设计@x中等专业学校@j教材 |
| 606 | 0 | @a绿化 |
| 606 | 0 | @a园林设计 |
| 690 | @aTU986.2@v5 | |
| 701 | 0 | @a王伟@9wang wei@4主编 |
| 701 | 0 | @a郭玉梅@9guo yu mei@c(园林)@4主编 |
| 801 | 0 | @c20141106 |
| 905 | @a241430@dTU986.2@eG864=2 | |
| 园林绿地设计/郭玉梅,王伟主编.-2版.-北京:中国劳动社会保障出版社,2014 |
| 289页:图,彩照;26cm |
| 全国中等职业技术学校园林绿化专业教材 |
| ISBN 978-7-5167-0692-3:CNY 42.00 |
| 本书在介绍了园林制图基础知识和园林绿地设计原理的基础上,着重讲解了公园绿地、居住区绿地、道路绿地、厂区绿地、校园绿地和医疗机构绿地等常见园林绿地类型的设计思路与方法,简要介绍了园林绿地计算机辅助设计中常用的Auto CAD和Photoshop操作软件。 |
| ● |
| 相关链接 |
|
|
|
正题名:园林绿地设计
索取号:TU986.2/G864=2
 
预约/预借
| 序号 | 登录号 | 条形码 | 馆藏地/架位号 | 状态 | 备注 |
| 1 | 0836757 | 208367578 | 建筑库201/201建筑库 97排1列2层/ [索取号:TU986.2/G864=2] | 在馆 | |
| 2 | 0836758 | 208367587 | 建筑库201/201建筑库 97排1列2层/ [索取号:TU986.2/G864=2] | 在馆 | |
| 3 | 0836759 | 208367596 | 建筑库201/201建筑库 97排1列2层/ [索取号:TU986.2/G864=2] | 在馆 |